Zivilreligion, Ethnizität und soziale Strukturen: zur Genese zivilreligiöser Phänomene in Québec während der dreißiger bis fünfziger Jahre

Saved in:  
Bibliographic Details
Main Author: Bierschock, Kurt P. (Author)
Format: Print Book
Language:German
Subito Delivery Service: Order now.
Check availability: HBZ Gateway
WorldCat: WorldCat
Interlibrary Loan:Interlibrary Loan for the Fachinformationsdienste (Specialized Information Services in Germany)
Published: Bochum Brockmeyer 1993
In: Kanada-Studien (14)
Year: 1993
Series/Journal:Kanada-Studien 14
Standardized Subjects / Keyword chains:B Province (Province) / Civil religion / Social history studies 1930-1960
Further subjects:B Civil religion Québec (Province) History 20th century
B Québec (Province) Religious life and customs
B Thesis
B Religion and sociology Québec (Province) History 20th century
Online Access: Table of Contents

MARC

LEADER 00000cam a2200000 c 4500
001 1612469655
003 DE-627
005 20251225194743.0
007 tu
008 930309s1993 gw ||||| m 00| ||ger c
015 |a 93,N06,0068  |2 dnb 
016 7 |a 930314867  |2 DE-101 
020 |a 3819600981  |9 3-8196-0098-1 
035 |a (DE-627)1612469655 
035 |a (DE-576)032239777 
035 |a (DE-599)DNB930314867 
035 |a (OCoLC)29522620 
035 |a (OCoLC)29522620 
040 |a DE-627  |b ger  |c DE-627  |e rakwb 
041 |a ger 
044 |c XA-DE 
050 0 |a BR570 
082 0 |a 306.6/09714/0904 
084 |a 13  |a 12  |a 63  |a 64  |a 25  |2 sdnb 
084 |a 1  |2 ssgn 
084 |a BL 1408  |2 rvk  |0 (DE-625)rvk/11992: 
084 |a MG 72010  |2 rvk  |0 (DE-625)rvk/122861:12035 
084 |a 15.85  |2 bkl 
084 |a 71.10  |2 bkl 
100 1 |a Bierschock, Kurt P.  |4 aut 
245 1 0 |a Zivilreligion, Ethnizität und soziale Strukturen  |b zur Genese zivilreligiöser Phänomene in Québec während der dreißiger bis fünfziger Jahre  |c Kurt P. Bierschock 
264 1 |a Bochum  |b Brockmeyer  |c 1993 
300 |a 283 S. 
336 |a Text  |b txt  |2 rdacontent 
337 |a ohne Hilfsmittel zu benutzen  |b n  |2 rdamedia 
338 |a Band  |b nc  |2 rdacarrier 
490 1 |a Kanada-Studien  |v 14 
500 |a Originally presented as the author's thesis, Augsburg, 1992 
502 |a Zugl.: Augsburg, Univ., Diss., 1992 
583 1 |a Archivierung/Langzeitarchivierung gewährleistet  |f SSG  |x XA-DE-BW  |2 pdager  |5 DE-21 
583 1 |a Archivierung prüfen  |c 20240324  |f DE-4165  |z 1  |2 pdager 
601 |a Ethnizität 
601 |a Struktur 
601 |a Fünfzig 
653 0 |a Civil religion  |a Québec (Province)  |a History  |a 20th century 
653 0 |a Religion and sociology  |a Québec (Province)  |a History  |a 20th century 
653 0 |a Québec (Province)  |a Religious life and customs 
655 7 |a Hochschulschrift  |0 (DE-588)4113937-9  |0 (DE-627)105825778  |0 (DE-576)209480580  |2 gnd-content 
689 0 0 |d g  |0 (DE-588)4048030-6  |0 (DE-627)106192639  |0 (DE-576)209075740  |2 gnd  |a Québec  |g Provinz 
689 0 1 |d s  |0 (DE-588)4126394-7  |0 (DE-627)105732753  |0 (DE-576)209584718  |2 gnd  |a Zivilreligion 
689 0 2 |q z  |2 gnd  |a Sozialgeschichte 1930-1960 
689 0 |5 DE-101 
751 |a Augsburg  |0 (DE-588)4003614-5  |0 (DE-627)106389114  |0 (DE-576)208852174  |4 uvp 
830 0 |a Kanada-Studien  |v 14  |9 14  |w (DE-627)130811556  |w (DE-576)017226600  |w (DE-600)1011352-6  |x 0936-6725  |7 am 
856 4 2 |u http://www.gbv.de/dms/hbz/toc/ht004483858.pdf  |m V:DE-605  |q pdf/application  |v 2008-11-15  |x Verlag  |y Inhaltsverzeichnis  |3 Inhaltsverzeichnis  |7 1 
889 |w (DE-627)126068534 
935 |a mteo 
935 |i mdedup 
936 r v |a BL 1408  |b Nordamerika  |k Theologie und Religionswissenschaften  |k Christliche Gesellschaftslehre  |k Allgemeines  |k Länderbezogene Darstellungen  |k Nordamerika  |0 (DE-627)1270725963  |0 (DE-625)rvk/11992:  |0 (DE-576)200725963 
936 r v |a MG 72010  |b Soziale Zusammenhänge  |k Politologie  |k Politische Systeme einzelner Länder  |k Europa, Nordamerika  |k Nordamerika  |k Kanada  |k Politisches System (insgesamt)  |k Soziale Zusammenhänge  |0 (DE-627)1272271722  |0 (DE-625)rvk/122861:12035  |0 (DE-576)202271722 
936 b k |a 15.85  |j Amerika: Allgemeines  |x Geschichte  |0 (DE-627)106405152 
936 b k |a 71.10  |j Sozialstruktur: Allgemeines  |0 (DE-627)10641254X 
951 |a BO 
ELC |b 1 
ITA |a 1  |t 1 
LOK |0 000 xxxxxcx a22 zn 4500 
LOK |0 001 3167629614 
LOK |0 003 DE-627 
LOK |0 004 1612469655 
LOK |0 005 20020413000000 
LOK |0 008 930915||||||||||||||||ger||||||| 
LOK |0 040   |a DE-21  |c DE-627  |d DE-21 
LOK |0 852   |a DE-21 
LOK |0 852 1  |c 33 A 10798  |9 00 
LOK |0 935   |a theo 
LOK |0 936ln  |a t4.13 
LOK |0 939   |a 15-09-93  |b l01 
ORI |a SA-MARC-ixtheoa001.raw 
REL |a 1 
STA 0 0 |a Civil religion 
STB 0 0 |a Religion civile 
STC 0 0 |a Religión civil 
STD 0 0 |a Religione civile 
STE 0 0 |a 公民宗教,国民宗教 
STF 0 0 |a 公民宗教,國民宗教 
STG 0 0 |a Religião civil 
STH 0 0 |a Гражданская религия 
STI 0 0 |a Αστική θρησκεία 
SUB |a REL 
SYG 0 0 |a Ville de Québec,Québec City,Kupaik,Provinz Québec,Province du Québec,Que.,Kupaik , Bürgerliche Religion,Religion des Bürgers,Civil religion 
TIM |a 100019300101_100019601231  |b Sozialgeschichte 1930-1960